000 00305nam a22001337a 4500
008 170904b xxu||||| |||| 00| 0 eng d
020 _a9780761913405
041 _aeng
080 _23rd
_a070
100 _a40
101 _aMED
245 _aDESIGNING QUALITATIVE RESEARCH
_cMARSHALL,C
942 _2udc
_cBK
999 _c26017
_d26017